00407pab a2200133 454500008004000000100001900040245011800059260000900177300001400186362000800200650001100208700001800219773003600237180718b2007 xxu||||| |||| 00| 0 eng d aTaft, Susan H. aEthics education: using inductive reasoning to develop individual, group, organizational, and global perspectives c2007 ap.614-46. aOct aEthics aWhite, Judith aJournal of Management Education